Most Populous B Countries - Statistics

General Stats
  • This quiz has been taken 2,137 times
  • The average score is 7 of 10
Answer Stats
rank country % Correct
1 Brazil
90%
5 Belgium
81%
7 Bolivia
79%
2 Bangladesh
78%
8 Belarus
67%
9 Bulgaria
65%
6 Benin
59%
4 Burundi
59%
10 Bosnia and Herzegovina
57%
3 Burkina Faso
54%
No matching quizzes found
Score Distribution
Percent of People with Each Score
Percentile by Number Answered
Your Score History
You have not taken this quiz